Statistics for Hercules - Characters by Picture

Click here to take the quiz!

General Stats

  • This quiz has been taken 33 times
  • The average score is 13 of 136

Answer Stats

Answer% Correct
Hercules
100%
Hades
88%
Zeus
88%
Hera
76%
Pegasus
76%
Hermes
72%
Megara
68%
Phil
64%
Pain
60%
Panic
60%
Aphrodite
40%
Ares
36%
Artemis
36%
Poseidon
32%
Athena
28%
Cerberus
28%
Apollo
24%
Demeter
24%
Narcissus
24%
The Hydra
24%
Cupid
20%
Hephaestus
20%
Medusa
20%
Bacchus
12%
Helios
12%
The Minotaur
12%
The Nemean Lion
12%
Calliope
8%
Charon
8%
Iris
8%
Lachesis
8%
Ra
8%
Adonis
4%
Amphitryon
4%
Atropos
4%
Bastet
4%
Cassandra
4%
Circe
4%
Clio
4%
Clotho
4%
Galatea
4%
Helen of Troy
4%
Icarus
4%
Nemesis
4%
Nessus
4%
Odin
4%
Pan
4%
Persephone
4%
Thalia
4%
Thor
4%
Achilles
0%
Agres
0%
Ajax
0%
Alcmene
0%
Alectryon
0%
Alexander
0%
Amphitrite
0%
Anaxarete
0%
Andromeda
0%
Antaeus
0%
Arachne
0%
Argus Panoptes
0%
Atlas
0%
Boreas
0%
Callista
0%
Ceto / Cetus
0%
Chimera
0%
Chipacles
0%
Chrion
0%
Croesus
0%
Demetrius
0%
Doubt
0%
Echidna
0%
Eileithyia
0%
Electra
0%
Euryale
0%
Fenrir
0%
Gaia
0%
Gegeines
0%
Geryon
0%
Gregarious
0%
Hebe
0%
Hecate
0%
Hestia
0%
Hippocrates
0%
Homer
0%
Hydros
0%
Jason
0%
Khnum
0%
King Arismap
0%
King Cinyras
0%
King Ephialtes
0%
King Midas
0%
King Minos
0%
King Salmoneus
0%
Ladon
0%
Lavina
0%
Loki
0%
Lythos
0%
Melampus
0%
Meleager
0%
Melpomene
0%
Memnon
0%
Merv Griffin
0%
Miss Euphrosyne
0%
Morpheus
0%
Mr. Daedalus
0%
Mr. Griff
0%
Mr. Herodotus
0%
Mr. Parentheses
0%
Nestor
0%
Odysseus
0%
Orion
0%
Orpheus
0%
Orthos
0%
Otus
0%
Pandora
0%
Paris
0%
Phantasos
0%
Psyche
0%
Pyros
0%
Queen Hippolyta
0%
Sphinx Martindale
0%
Stheno
0%
Stratos
0%
Styx
0%
Syrinx
0%
Tempest
0%
Terpischore
0%
The Caucasian Eagle
0%
Theseus
0%
The Winged Wolves of Hecate
0%
Tivius
0%
Triton
0%
Trivia
0%
Typhon
0%

Score Distribution

Percentile by Number Answered

Percent of People with Each Score

Your Score History

You have not taken this quiz